[Event "DVM U12 2023"]
[Site "Magdeburg GER"]
[Date "2023.12.27"]
[Round "1"]
[White "Classen, Marnin"]
[Black "Sitnik, Arthur"]
[Result "0-1"]
[Termination "normal"]
[Board "8.2"]
[WhiteElo "1383"]
[BlackElo "1386"]
[WhiteClock "01:02:24"]
[BlackClock "00:15:12"]
[WhiteTeam "SG Trier 1877"]
[BlackTeam "SK Kelheim 1920"]
[PlyCount "108"]
[WhiteFideId "34623833"]
[BlackFideId "34608150"]
[EventCountry "GER"]
[EventRounds "7"]
[EventType "team-swiss"]
[EventDate "2023.12.26"]

1. e4 {[%clk 01:30:58]} {[%emt 00:00:02]} e5 {[%clk 01:30:57]} {[%emt
00:00:04]} 2. Nf3 {[%clk 01:31:21]} {[%emt 00:00:06]} Nc6 {[%clk 01:31:24]}
{[%emt 00:00:03]} 3. Bb5 {[%clk 01:31:40]} {[%emt 00:00:11]} a6 {[%clk
01:31:51]} {[%emt 00:00:03]} 4. Ba4 {[%clk 01:31:54]} {[%emt 00:00:17]} Nf6
{[%clk 01:32:15]} {[%emt 00:00:06]} 5. O-O {[%clk 01:32:11]} {[%emt 00:00:13]}
Bc5 {[%clk 01:31:18]} {[%emt 00:01:26]} 6. Nxe5 {[%clk 01:32:14]} {[%emt
00:00:27]} Nxe5 {[%clk 01:29:50]} {[%emt 00:01:58]} 7. d4 {[%clk 01:32:31]}
{[%emt 00:00:13]} b5 {[%clk 01:28:59]} {[%emt 00:01:21]} 8. Bb3 {[%clk
01:32:41]} {[%emt 00:00:18]} Bxd4 {[%clk 01:28:10]} {[%emt 00:01:20]} 9. Qxd4
{[%clk 01:32:56]} {[%emt 00:00:14]} d6 {[%clk 01:28:31]} {[%emt 00:00:10]} 10.
Bg5 {[%clk 01:32:59]} {[%emt 00:00:26]} c5 {[%clk 01:28:03]} {[%emt 00:00:59]}
11. Bxf6 {[%clk 01:28:39]} {[%emt 00:04:50]} gxf6 {[%clk 01:28:09]} {[%emt
00:00:24]} 12. Qd5 {[%clk 01:27:21]} {[%emt 00:01:48]} Be6 {[%clk 01:28:16]}
{[%emt 00:00:23]} 13. Qb7 {[%clk 01:27:27]} {[%emt 00:00:23]} c4 {[%clk
01:27:49]} {[%emt 00:00:58]} 14. f4 {[%clk 01:27:37]} {[%emt 00:00:20]} Ng4
{[%clk 01:18:56]} {[%emt 00:09:23]} 15. h3 {[%clk 01:26:58]} {[%emt 00:01:09]}
Nh6 {[%clk 01:17:43]} {[%emt 00:01:43]} 16. Qc6+ {[%clk 01:27:12]} {[%emt
00:00:15]} Ke7 {[%clk 01:13:45]} {[%emt 00:04:28]} 17. Nc3 {[%clk 01:26:03]}
{[%emt 00:01:38]} Qd7 {[%clk 01:11:38]} {[%emt 00:02:39]} 18. Nd5+ {[%clk
01:21:39]} {[%emt 00:04:53]} Bxd5 {[%clk 01:10:59]} {[%emt 00:01:09]} 19. Qxd5
{[%clk 01:22:00]} {[%emt 00:00:09]} Rac8 {[%clk 01:04:55]} {[%emt 00:06:33]}
20. Rad1 {[%clk 01:22:13]} {[%emt 00:00:18]} Qc6 {[%clk 01:03:33]} {[%emt
00:01:52]} 21. Qd2 {[%clk 01:21:11]} {[%emt 00:01:32]} Rhd8 {[%clk 01:01:21]}
{[%emt 00:02:42]} 22. f5 {[%clk 01:18:49]} {[%emt 00:02:53]} Ng8 {[%clk
01:00:39]} {[%emt 00:01:12]} 23. Rfe1 {[%clk 01:18:36]} {[%emt 00:00:43]} cxb3
{[%clk 01:00:05]} {[%emt 00:01:05]} 24. cxb3 {[%clk 01:18:54]} {[%emt
00:00:09]} Qc2 {[%clk 01:00:14]} {[%emt 00:00:23]} 25. Qa5 {[%clk 01:18:23]}
{[%emt 00:01:02]} Qc5+ {[%clk 00:44:07]} {[%emt 00:16:37]} 26. Kh1 {[%clk
01:18:01]} {[%emt 00:00:51]} Rc6 {[%clk 00:42:40]} {[%emt 00:01:56]} 27. b4
{[%clk 01:17:16]} {[%emt 00:01:15]} Qb6 {[%clk 00:42:06]} {[%emt 00:01:04]} 28.
Qa3 {[%clk 01:17:02]} {[%emt 00:00:44]} Rc2 {[%clk 00:39:16]} {[%emt 00:03:20]}
29. Qd3 {[%clk 01:16:06]} {[%emt 00:01:26]} Qf2 {[%clk 00:38:26]} {[%emt
00:01:20]} 30. Rg1 {[%clk 01:16:22]} {[%emt 00:00:14]} Qe2 {[%clk 00:37:54]}
{[%emt 00:01:02]} 31. Qd5 {[%clk 01:16:41]} {[%emt 00:00:09]} Nh6 {[%clk
00:36:28]} {[%emt 00:01:59]} 32. e5 {[%clk 01:16:16]} {[%emt 00:00:55]} fxe5
{[%clk 00:35:24]} {[%emt 00:01:34]} 33. Rge1 {[%clk 01:15:50]} {[%emt
00:00:56]} Qc4 {[%clk 00:34:04]} {[%emt 00:01:50]} 34. f6+ {[%clk 01:08:31]}
{[%emt 00:07:49]} Kf8 {[%clk 00:30:32]} {[%emt 00:04:02]} 35. Qf3 {[%clk
01:08:33]} {[%emt 00:00:28]} Qf4 {[%clk 00:26:24]} {[%emt 00:04:38]} 36. Qd3
{[%clk 01:08:30]} {[%emt 00:00:33]} Qf2 {[%clk 00:21:28]} {[%emt 00:05:26]} 37.
Rg1 {[%clk 01:08:21]} {[%emt 00:00:38]} Nf5 {[%clk 00:20:10]} {[%emt 00:01:49]}
38. Kh2 {[%clk 01:07:49]} {[%emt 00:01:02]} Ne3 {[%clk 00:18:50]} {[%emt
00:01:49]} 39. Qxh7 {[%clk 01:05:01]} {[%emt 00:03:18]} Qxf6 {[%clk 00:18:54]}
{[%emt 00:00:26]} 40. Rde1 {[%clk 01:04:32]} {[%emt 00:00:59]} Qf4+ {[%clk
00:17:40]} {[%emt 00:01:44]} 41. Kh1 {[%clk 01:04:36]} {[%emt 00:00:25]} Rxb2
{[%clk 00:17:15]} {[%emt 00:00:55]} 42. Qd3 {[%clk 01:02:08]} {[%emt 00:02:58]}
Nf5 {[%clk 00:12:46]} {[%emt 00:04:59]} 43. g3 {[%clk 00:59:22]} {[%emt
00:03:16]} Qf2 {[%clk 00:12:38]} {[%emt 00:00:38]} 44. Re2 {[%clk 00:59:17]}
{[%emt 00:00:35]} Rxe2 {[%clk 00:12:58]} {[%emt 00:00:10]} 45. Qxe2 {[%clk
00:59:41]} {[%emt 00:00:06]} Qxe2 {[%clk 00:13:25]} {[%emt 00:00:04]} 46. Rg2
{[%clk 01:00:06]} {[%emt 00:00:05]} Qf1+ {[%clk 00:13:47]} {[%emt 00:00:08]}
47. Rg1 {[%clk 01:00:27]} {[%emt 00:00:09]} Nxg3+ {[%emt 00:00:14]} 48. Kh2
{[%clk 01:00:48]} {[%emt 00:00:08]} Qf2+ {[%clk 00:14:29]} {[%emt 00:00:06]}
49. Rg2 {[%clk 01:01:11]} {[%emt 00:00:07]} Nf1+ {[%clk 00:14:42]} {[%emt
00:00:17]} 50. Kh1 {[%clk 01:01:34]} {[%emt 00:00:07]} Qe3 {[%clk 00:15:02]}
{[%emt 00:00:10]} 51. a3 {[%clk 01:01:48]} {[%emt 00:00:16]} Rc8 {[%clk
00:15:10]} {[%emt 00:00:22]} 52. h4 {[%clk 01:02:04]} {[%emt 00:00:13]} Rc4
{[%clk 00:15:12]} {[%emt 00:00:28]} 53. Rg4 {[%clk 01:01:59]} {[%emt 00:00:35]}
Rxg4 {[%emt 00:00:19]} 54. a4 {[%clk 01:02:24]} {[%emt 00:00:04]} Qf3# {[%emt
00:00:34]} 0-1

[Event "DVM U12 2023"]
[Site "Magdeburg GER"]
[Date "2023.12.27"]
[Round "1"]
[White "Neumeier, Konstantin"]
[Black "Classen, Miguel"]
[Result "1-0"]
[Termination "normal"]
[Board "8.3"]
[WhiteElo "1394"]
[BlackElo "1168"]
[WhiteClock "00:50:39"]
[BlackClock "01:18:15"]
[WhiteTeam "SK Kelheim 1920"]
[BlackTeam "SG Trier 1877"]
[PlyCount "51"]
[WhiteFideId "34608230"]
[BlackFideId "34623825"]
[EventCountry "GER"]
[EventRounds "7"]
[EventType "team-swiss"]
[EventDate "2023.12.26"]

1. e4 {[%clk 01:30:57]} {[%emt 00:00:02]} e6 {[%clk 01:30:57]} {[%emt
00:00:04]} 2. b3 {[%clk 01:31:19]} {[%emt 00:00:08]} d5 {[%clk 01:31:18]}
{[%emt 00:00:09]} 3. Bb2 {[%clk 01:31:42]} {[%emt 00:00:06]} dxe4 {[%clk
01:31:36]} {[%emt 00:00:12]} 4. Nc3 {[%clk 01:32:00]} {[%emt 00:00:11]} Nf6
{[%clk 01:31:58]} {[%emt 00:00:10]} 5. Qe2 {[%clk 01:32:22]} {[%emt 00:00:08]}
Qd4 {[%clk 01:31:09]} {[%emt 00:01:19]} 6. O-O-O {[%clk 01:26:24]} {[%emt
00:06:28]} a6 {[%clk 01:30:40]} {[%emt 00:00:59]} 7. d3 {[%clk 01:14:06]}
{[%emt 00:12:48]} exd3 {[%clk 01:29:10]} {[%emt 00:02:00]} 8. Rxd3 {[%clk
01:13:00]} {[%emt 00:01:34]} Qf4+ {[%clk 01:28:51]} {[%emt 00:00:51]} 9. Kb1
{[%clk 01:13:01]} {[%emt 00:00:28]} Bc5 {[%clk 01:28:50]} {[%emt 00:00:33]} 10.
Nf3 {[%clk 01:12:16]} {[%emt 00:01:15]} O-O {[%clk 01:28:11]} {[%emt 00:01:09]}
11. g3 {[%clk 01:12:13]} {[%emt 00:00:33]} Qf5 {[%clk 01:28:04]} {[%emt
00:00:35]} 12. Nd4 {[%clk 01:09:18]} {[%emt 00:03:25]} Bxd4 {[%clk 01:26:46]}
{[%emt 00:01:51]} 13. Rxd4 {[%clk 01:09:22]} {[%emt 00:00:26]} Nc6 {[%clk
01:26:57]} {[%emt 00:00:19]} 14. Rd2 {[%clk 01:07:06]} {[%emt 00:02:43]} b5
{[%clk 01:25:15]} {[%emt 00:02:15]} 15. Qe1 {[%clk 01:03:12]} {[%emt 00:04:20]}
Bb7 {[%clk 01:25:03]} {[%emt 00:00:46]} 16. Bd3 {[%clk 01:02:34]} {[%emt
00:01:06]} Qh5 {[%clk 01:24:18]} {[%emt 00:01:15]} 17. Ne4 {[%clk 01:00:59]}
{[%emt 00:02:02]} Ne5 {[%clk 01:23:22]} {[%emt 00:01:31]} 18. Nxf6+ {[%clk
00:53:19]} {[%emt 00:08:09]} gxf6 {[%clk 01:23:25]} {[%emt 00:00:28]} 19. Be4
{[%clk 00:52:13]} {[%emt 00:01:33]} Nf3 {[%clk 01:21:00]} {[%emt 00:02:58]} 20.
Bxf3 {[%clk 00:51:01]} {[%emt 00:01:42]} Bxf3 {[%clk 01:20:47]} {[%emt
00:00:43]} 21. Rg1 {[%clk 00:51:12]} {[%emt 00:00:15]} Qxh2 {[%clk 01:20:51]}
{[%emt 00:00:30]} 22. Bxf6 {[%clk 00:50:54]} {[%emt 00:00:47]} Qh6 {[%clk
01:20:25]} {[%emt 00:00:54]} 23. Bb2 {[%clk 00:50:52]} {[%emt 00:00:31]} Qh2
{[%clk 01:20:18]} {[%emt 00:00:40]} 24. Rf1 {[%clk 00:50:09]} {[%emt 00:01:10]}
Bg2 {[%clk 01:19:24]} {[%emt 00:01:27]} 25. Qe5 {[%clk 00:50:14]} {[%emt
00:00:23]} Qh6 {[%clk 01:18:15]} {[%emt 00:01:41]} 26. Qh8# {[%clk 00:50:39]}
{[%emt 00:00:05]} 1-0

[Event "DVM U12 2023"]
[Site "Magdeburg GER"]
[Date "2023.12.27"]
[Round "1"]
[White "Sharma, Devesh"]
[Black "Dauerer, Leonhard"]
[Result "0-1"]
[Termination "normal"]
[Board "8.4"]
[WhiteElo "1037"]
[BlackElo "1074"]
[WhiteClock "01:10:36"]
[BlackClock "01:22:58"]
[WhiteTeam "SG Trier 1877"]
[BlackTeam "SK Kelheim 1920"]
[PlyCount "56"]
[WhiteFideId "34652477"]
[BlackFideId "34640223"]
[EventCountry "GER"]
[EventRounds "7"]
[EventType "team-swiss"]
[EventDate "2023.12.26"]

1. e4 {[%clk 01:30:58]} {[%emt 00:00:02]} e5 {[%clk 01:30:50]} {[%emt
00:00:12]} 2. Nf3 {[%clk 01:31:19]} {[%emt 00:00:08]} Nc6 {[%clk 01:30:53]}
{[%emt 00:00:27]} 3. d4 {[%clk 01:31:35]} {[%emt 00:00:13]} exd4 {[%clk
01:30:58]} {[%emt 00:00:26]} 4. Bc4 {[%clk 01:31:50]} {[%emt 00:00:14]} Nf6
{[%clk 01:30:53]} {[%emt 00:00:34]} 5. e5 {[%clk 01:31:34]} {[%emt 00:00:47]}
d5 {[%clk 01:29:54]} {[%emt 00:01:29]} 6. exf6 {[%clk 01:31:37]} {[%emt
00:00:27]} dxc4 {[%clk 01:29:55]} {[%emt 00:00:29]} 7. O-O {[%clk 01:31:23]}
{[%emt 00:00:44]} Be6 {[%clk 01:28:50]} {[%emt 00:01:35]} 8. Qe2 {[%clk
01:29:28]} {[%emt 00:02:25]} Qd7 {[%clk 01:27:44]} {[%emt 00:01:35]} 9. Ne5
{[%clk 01:27:33]} {[%emt 00:02:24]} Nxe5 {[%clk 01:27:29]} {[%emt 00:00:45]}
10. Qxe5 {[%clk 01:27:56]} {[%emt 00:00:08]} Bd6 {[%clk 01:27:37]} {[%emt
00:00:22]} 11. Qe4 {[%clk 01:27:03]} {[%emt 00:01:24]} O-O-O {[%clk 01:25:52]}
{[%emt 00:02:15]} 12. fxg7 {[%clk 01:26:46]} {[%emt 00:00:47]} Rhg8 {[%clk
01:25:39]} {[%emt 00:00:44]} 13. Qxh7 {[%clk 01:26:37]} {[%emt 00:00:38]} f6
{[%clk 01:24:50]} {[%emt 00:01:19]} 14. Bh6 {[%clk 01:26:09]} {[%emt 00:00:58]}
Bf5 {[%clk 01:25:08]} {[%emt 00:00:11]} 15. Qxg8 {[%clk 01:22:03]} {[%emt
00:04:36]} Rxg8 {[%clk 01:25:07]} {[%emt 00:00:31]} 16. Nd2 {[%clk 01:22:10]}
{[%emt 00:00:24]} Qf7 {[%clk 01:24:18]} {[%emt 00:01:15]} 17. Rfe1 {[%clk
01:21:45]} {[%emt 00:00:58]} Qh5 {[%clk 01:24:02]} {[%emt 00:00:46]} 18. Nxc4
{[%clk 01:16:58]} {[%emt 00:05:17]} Qxh2+ {[%clk 01:23:54]} {[%emt 00:00:37]}
19. Kf1 {[%clk 01:17:20]} {[%emt 00:00:09]} d3 {[%clk 01:23:16]} {[%emt
00:01:08]} 20. Nxd6+ {[%clk 01:12:30]} {[%emt 00:05:20]} cxd6 {[%clk 01:23:25]}
{[%emt 00:00:22]} 21. f3 {[%clk 01:12:46]} {[%emt 00:00:13]} Qxh6 {[%clk
01:22:58]} {[%emt 00:00:57]} 22. Re7 {[%clk 01:12:54]} {[%emt 00:00:23]} Qh1+
{[%clk 01:22:54]} {[%emt 00:00:33]} 23. Kf2 {[%clk 01:13:01]} {[%emt 00:00:24]}
Qxa1 {[%clk 01:23:00]} {[%emt 00:00:25]} 24. Rf7 {[%clk 01:13:16]} {[%emt
00:00:14]} Be6 {[%clk 01:23:00]} {[%emt 00:00:30]} 25. Rxf6 {[%clk 01:12:07]}
{[%emt 00:01:40]} Qxa2 {[%clk 01:22:15]} {[%emt 00:01:15]} 26. cxd3 {[%clk
01:10:39]} {[%emt 00:01:58]} Qxb2+ {[%clk 01:22:31]} {[%emt 00:00:14]} 27. Kg3
{[%clk 01:10:42]} {[%emt 00:00:27]} Rxg7+ {[%clk 01:22:45]} {[%emt 00:00:17]}
28. Kh2 {[%clk 01:10:36]} {[%emt 00:00:36]} Qxg2# {[%clk 01:22:58]} {[%emt
00:00:17]} 0-1

[Event "DVM U12 2023"]
[Site "Magdeburg GER"]
[Date "2023.12.27"]
[Round "1"]
[White "Luccone, Constantin"]
[Black "Vu, Hoang Bach"]
[Result "0-1"]
[Termination "normal"]
[Board "9.1"]
[WhiteElo "1377"]
[BlackElo "1230"]
[WhiteClock "00:29:33"]
[BlackClock "01:19:32"]
[WhiteTeam "SF Brackel 1930"]
[BlackTeam "SC Borussia Lichtenberg"]
[PlyCount "78"]
[WhiteFideId "34634096"]
[BlackFideId "12436992"]
[EventCountry "GER"]
[EventRounds "7"]
[EventType "team-swiss"]
[EventDate "2023.12.26"]

1. e4 {[%clk 01:30:59]} c6 {[%clk 01:30:04]} {[%emt 00:00:55]} 2. d4 {[%clk
01:31:12]} {[%emt 00:00:16]} d5 {[%clk 01:30:30]} {[%emt 00:00:05]} 3. exd5
{[%clk 01:30:33]} {[%emt 00:01:09]} cxd5 {[%clk 01:30:53]} {[%emt 00:00:07]} 4.
c4 {[%clk 01:30:18]} {[%emt 00:00:45]} e6 {[%clk 01:29:44]} {[%emt 00:01:39]}
5. Nf3 {[%clk 01:29:57]} {[%emt 00:00:53]} Nf6 {[%clk 01:28:39]} {[%emt
00:01:33]} 6. Be2 {[%clk 01:23:07]} {[%emt 00:07:21]} dxc4 {[%clk 01:29:01]}
{[%emt 00:00:08]} 7. Bxc4 {[%clk 01:22:52]} {[%emt 00:00:45]} Bd6 {[%clk
01:27:22]} {[%emt 00:02:09]} 8. O-O {[%clk 01:22:47]} {[%emt 00:00:36]} Qc7
{[%clk 01:27:16]} {[%emt 00:00:36]} 9. Bb5+ {[%clk 01:20:55]} {[%emt 00:02:18]}
Bd7 {[%clk 01:27:16]} {[%emt 00:00:34]} 10. Bxd7+ {[%clk 01:21:03]} {[%emt
00:00:22]} Nbxd7 {[%clk 01:27:41]} {[%emt 00:00:05]} 11. Nc3 {[%clk 01:12:59]}
{[%emt 00:08:35]} a6 {[%clk 01:27:45]} {[%emt 00:00:26]} 12. Qe2 {[%clk
01:10:11]} {[%emt 00:03:12]} O-O {[%clk 01:27:40]} {[%emt 00:00:39]} 13. Re1
{[%clk 01:04:46]} {[%emt 00:05:56]} Bb4 {[%clk 01:25:18]} {[%emt 00:02:46]} 14.
Bd2 {[%clk 01:03:02]} {[%emt 00:02:19]} Bxc3 {[%clk 01:25:23]} {[%emt
00:00:25]} 15. Bxc3 {[%clk 01:02:49]} {[%emt 00:00:43]} Nd5 {[%clk 01:25:42]}
{[%emt 00:00:11]} 16. Rac1 {[%clk 01:01:48]} {[%emt 00:01:31]} Rac8 {[%clk
01:25:34]} {[%emt 00:00:36]} 17. Qd2 {[%clk 00:59:38]} {[%emt 00:02:38]} Qf4
{[%clk 01:25:36]} {[%emt 00:00:32]} 18. Qxf4 {[%clk 00:50:06]} {[%emt
00:10:02]} Nxf4 {[%clk 01:26:04]} {[%emt 00:00:02]} 19. Rcd1 {[%clk 00:50:14]}
{[%emt 00:00:22]} Rfd8 {[%clk 01:25:44]} {[%emt 00:00:47]} 20. g3 {[%clk
00:49:06]} {[%emt 00:01:41]} Nd5 {[%clk 01:25:53]} {[%emt 00:00:21]} 21. Rc1
{[%clk 00:49:17]} {[%emt 00:00:20]} Nb8 {[%clk 01:24:42]} {[%emt 00:01:37]} 22.
Kg2 {[%clk 00:46:34]} {[%emt 00:03:17]} Nc6 {[%clk 01:24:38]} {[%emt 00:00:33]}
23. Ne5 {[%clk 00:45:58]} {[%emt 00:01:03]} Nxe5 {[%clk 01:23:35]} {[%emt
00:01:35]} 24. dxe5 {[%emt 00:05:53]} Nxc3 {[%clk 01:23:46]} {[%emt 00:00:19]}
25. Rxc3 {[%clk 00:38:56]} {[%emt 00:02:11]} Rxc3 {[%clk 01:23:11]} {[%emt
00:01:04]} 26. bxc3 {[%emt 00:00:09]} Rd2 {[%clk 01:23:38]} {[%emt 00:00:02]}
27. Rb1 {[%clk 00:39:05]} {[%emt 00:00:42]} Rxa2 {[%clk 01:21:14]} {[%emt
00:02:55]} 28. Rxb7 {[%clk 00:38:53]} {[%emt 00:00:42]} g5 {[%clk 01:21:39]}
{[%emt 00:00:05]} 29. Kf3 {[%clk 00:33:39]} {[%emt 00:05:43]} Kg7 {[%clk
01:20:07]} {[%emt 00:02:02]} 30. h3 {[%clk 00:32:14]} {[%emt 00:01:56]} a5
{[%clk 01:18:12]} {[%emt 00:02:25]} 31. Rb1 {[%clk 00:31:24]} {[%emt 00:01:20]}
a4 {[%clk 01:18:25]} {[%emt 00:00:17]} 32. Rc1 {[%clk 00:31:43]} {[%emt
00:00:11]} a3 {[%clk 01:18:12]} {[%emt 00:00:43]} 33. Ke3 {[%clk 00:31:35]}
{[%emt 00:00:39]} Rb2 {[%clk 01:18:30]} {[%emt 00:00:12]} 34. Ra1 {[%clk
00:31:07]} {[%emt 00:00:47]} a2 {[%clk 01:18:39]} {[%emt 00:00:30]} 35. f3
{[%clk 00:30:38]} {[%emt 00:00:59]} Kg6 {[%clk 01:18:55]} {[%emt 00:00:14]} 36.
Kd3 {[%clk 00:30:54]} {[%emt 00:00:14]} Kf5 {[%clk 01:19:18]} {[%emt 00:00:07]}
37. c4 {[%clk 00:29:54]} {[%emt 00:01:30]} Kxe5 {[%emt 00:00:08]} 38. Kc3
{[%clk 00:30:00]} {[%emt 00:00:23]} Rf2 {[%clk 01:19:57]} {[%emt 00:00:14]} 39.
Kb4 {[%clk 00:29:33]} {[%emt 00:00:57]} Kd6 {[%clk 01:19:32]} {[%emt 00:00:53]}
0-1

[Event "DVM U12 2023"]
[Site "Magdeburg GER"]
[Date "2023.12.27"]
[Round "1"]
[White "Bergmann, Rafael Antonio"]
[Black "Libert, Nick"]
[Result "1-0"]
[Termination "normal"]
[Board "9.2"]
[WhiteElo "1545"]
[BlackElo "1304"]
[WhiteClock "01:10:53"]
[BlackClock "00:35:19"]
[WhiteTeam "SC Borussia Lichtenberg"]
[BlackTeam "SF Brackel 1930"]
[PlyCount "125"]
[WhiteFideId "34635076"]
[BlackFideId "34634088"]
[EventCountry "GER"]
[EventRounds "7"]
[EventType "team-swiss"]
[EventDate "2023.12.26"]

1. e4 {[%clk 01:30:57]} {[%emt 00:00:02]} e5 {[%clk 01:30:56]} {[%emt
00:00:05]} 2. Nf3 {[%clk 01:31:17]} {[%emt 00:00:08]} Nc6 {[%clk 01:31:19]}
{[%emt 00:00:08]} 3. Bc4 {[%clk 01:31:41]} {[%emt 00:00:05]} Nf6 {[%clk
01:31:35]} {[%emt 00:00:15]} 4. d3 {[%clk 01:32:05]} {[%emt 00:00:06]} h6
{[%clk 01:31:57]} {[%emt 00:00:08]} 5. Nbd2 {[%clk 01:32:21]} {[%emt 00:00:13]}
Bc5 {[%clk 01:32:09]} {[%emt 00:00:20]} 6. c3 {[%clk 01:32:43]} {[%emt
00:00:07]} d6 {[%clk 01:32:22]} {[%emt 00:00:17]} 7. Nf1 {[%clk 01:32:55]}
{[%emt 00:00:18]} Be6 {[%clk 01:32:34]} {[%emt 00:00:18]} 8. Bb3 {[%clk
01:33:15]} {[%emt 00:00:11]} Ng4 {[%clk 01:25:08]} {[%emt 00:07:57]} 9. Ne3
{[%clk 01:33:03]} {[%emt 00:00:41]} Nxe3 {[%clk 01:24:26]} {[%emt 00:01:12]}
10. Bxe3 {[%clk 01:33:23]} {[%emt 00:00:10]} Bxe3 {[%clk 01:24:32]} {[%emt
00:00:24]} 11. fxe3 {[%clk 01:33:45]} {[%emt 00:00:08]} Qd7 {[%clk 01:24:51]}
{[%emt 00:00:12]} 12. d4 {[%clk 01:29:38]} {[%emt 00:04:36]} Bg4 {[%clk
01:24:32]} {[%emt 00:00:49]} 13. h3 {[%clk 01:28:29]} {[%emt 00:01:40]} Bh5
{[%clk 01:24:54]} {[%emt 00:00:08]} 14. Qe2 {[%clk 01:26:40]} {[%emt 00:02:18]}
Rf8 {[%clk 01:11:43]} {[%emt 00:13:42]} 15. O-O-O {[%clk 01:23:42]} {[%emt
00:03:27]} O-O-O {[%clk 01:09:12]} {[%emt 00:03:02]} 16. Qf2 {[%clk 01:22:02]}
{[%emt 00:02:09]} Na5 {[%clk 01:06:03]} {[%emt 00:03:39]} 17. Bc2 {[%clk
01:21:07]} {[%emt 00:01:24]} f6 {[%clk 01:04:17]} {[%emt 00:02:18]} 18. Qf1
{[%clk 01:19:55]} {[%emt 00:01:40]} Kb8 {[%clk 01:01:16]} {[%emt 00:03:32]} 19.
d5 {[%clk 01:19:46]} {[%emt 00:00:39]} b6 {[%clk 01:00:56]} {[%emt 00:00:50]}
20. Qa6 {[%clk 01:18:50]} {[%emt 00:01:25]} Qc8 {[%clk 01:01:05]} {[%emt
00:00:21]} 21. Qb5 {[%clk 01:19:12]} {[%emt 00:00:10]} Qd7 {[%clk 01:01:15]}
{[%emt 00:00:20]} 22. Qb4 {[%clk 01:19:23]} {[%emt 00:00:19]} Be8 {[%clk
01:01:13]} {[%emt 00:00:32]} 23. Nd2 {[%clk 01:14:05]} {[%emt 00:05:47]} Qb5
{[%clk 00:59:29]} {[%emt 00:02:08]} 24. Qxb5 {[%clk 01:14:04]} {[%emt
00:00:37]} Bxb5 {[%clk 00:59:54]} {[%emt 00:00:06]} 25. b4 {[%clk 01:13:54]}
{[%emt 00:00:40]} Nc4 {[%clk 00:58:30]} {[%emt 00:01:53]} 26. a4 {[%clk
01:12:27]} {[%emt 00:01:56]} Ba6 {[%clk 00:58:12]} {[%emt 00:00:50]} 27. b5
{[%clk 01:12:33]} {[%emt 00:00:24]} Nxd2 {[%clk 00:58:36]} {[%emt 00:00:06]}
28. Rxd2 {[%clk 01:12:53]} {[%emt 00:00:09]} Bc8 {[%clk 00:57:23]} {[%emt
00:01:43]} 29. Bd3 {[%clk 01:12:50]} {[%emt 00:00:33]} f5 {[%clk 00:57:02]}
{[%emt 00:00:52]} 30. exf5 {[%clk 01:12:13]} {[%emt 00:01:07]} Bxf5 {[%clk
00:57:16]} {[%emt 00:00:16]} 31. Kc2 {[%clk 01:12:12]} {[%emt 00:00:30]} Bxd3+
{[%clk 00:57:20]} {[%emt 00:00:27]} 32. Kxd3 {[%clk 01:12:33]} {[%emt
00:00:09]} Kc8 {[%clk 00:57:47]} {[%emt 00:00:03]} 33. a5 {[%clk 01:11:07]}
{[%emt 00:01:56]} Kd7 {[%clk 00:58:09]} {[%emt 00:00:08]} 34. axb6 {[%clk
01:10:55]} {[%emt 00:00:41]} axb6 {[%clk 00:58:22]} {[%emt 00:00:18]} 35. Ra1
{[%clk 01:11:12]} {[%emt 00:00:12]} Ra8 {[%clk 00:57:59]} {[%emt 00:00:53]} 36.
Rda2 {[%clk 01:11:20]} {[%emt 00:00:21]} Rxa2 {[%clk 00:58:10]} {[%emt
00:00:20]} 37. Rxa2 {[%clk 01:11:25]} {[%emt 00:00:26]} Ke7 {[%clk 00:58:03]}
{[%emt 00:00:37]} 38. c4 {[%clk 01:10:43]} {[%emt 00:01:12]} g6 {[%clk
00:56:27]} {[%emt 00:02:07]} 39. Rb2 {[%clk 01:08:21]} {[%emt 00:02:51]} Ra8
{[%clk 00:55:45]} {[%emt 00:01:12]} 40. Rc2 {[%clk 01:08:13]} {[%emt 00:00:38]}
Ra3+ {[%clk 00:54:57]} {[%emt 00:01:18]} 41. Ke4 {[%clk 01:08:34]} {[%emt
00:00:09]} Ra4 {[%clk 00:55:06]} {[%emt 00:00:21]} 42. Kf3 {[%clk 01:08:44]}
{[%emt 00:00:21]} Ra8 {[%clk 00:55:26]} {[%emt 00:00:09]} 43. Kg4 {[%clk
01:08:57]} {[%emt 00:00:17]} Rf8 {[%clk 00:55:31]} {[%emt 00:00:25]} 44. Ra2
{[%clk 01:09:07]} {[%emt 00:00:21]} Rf5 {[%clk 00:52:17]} {[%emt 00:03:43]} 45.
Ra7 {[%clk 01:08:30]} {[%emt 00:01:07]} Kd7 {[%clk 00:52:39]} {[%emt 00:00:09]}
46. Ra8 {[%clk 01:08:52]} {[%emt 00:00:09]} Rg5+ {[%clk 00:47:38]} {[%emt
00:05:30]} 47. Kf3 {[%clk 01:09:11]} {[%emt 00:00:11]} Rf5+ {[%clk 00:47:53]}
{[%emt 00:00:16]} 48. Ke2 {[%clk 01:09:35]} {[%emt 00:00:06]} Rg5 {[%clk
00:40:22]} {[%emt 00:08:00]} 49. Kf2 {[%clk 01:09:48]} {[%emt 00:00:17]} Rf5+
{[%clk 00:39:36]} {[%emt 00:01:16]} 50. Kg1 {[%clk 01:09:54]} {[%emt 00:00:24]}
Rg5 {[%clk 00:40:01]} {[%emt 00:00:06]} 51. Rh8 {[%clk 01:10:11]} {[%emt
00:00:12]} h5 {[%clk 00:40:24]} {[%emt 00:00:08]} 52. Rh7+ {[%clk 01:10:28]}
{[%emt 00:00:12]} Kc8 {[%clk 00:40:49]} {[%emt 00:00:04]} 53. Rg7 {[%clk
01:10:47]} {[%emt 00:00:11]} Kb7 {[%clk 00:40:56]} {[%emt 00:00:24]} 54. Kh2
{[%clk 01:09:48]} {[%emt 00:01:29]} Kb8 {[%clk 00:41:04]} {[%emt 00:00:22]} 55.
g3 {[%clk 01:09:50]} {[%emt 00:00:27]} Kb7 {[%clk 00:40:03]} {[%emt 00:01:32]}
56. e4 {[%clk 01:09:46]} {[%emt 00:00:34]} Kc8 {[%clk 00:37:43]} {[%emt
00:02:50]} 57. Kg2 {[%clk 01:10:11]} {[%emt 00:00:06]} Kd8 {[%clk 00:37:42]}
{[%emt 00:00:30]} 58. Kf3 {[%clk 01:10:32]} {[%emt 00:00:10]} Kc8 {[%clk
00:37:54]} {[%emt 00:00:18]} 59. g4 {[%clk 01:10:55]} {[%emt 00:00:07]} Kd8
{[%clk 00:36:22]} {[%emt 00:02:01]} 60. Kg3 {[%clk 01:11:17]} {[%emt 00:00:08]}
Ke8 {[%clk 00:35:26]} {[%emt 00:01:26]} 61. Kh4 {[%clk 01:11:34]} {[%emt
00:00:13]} Kf8 {[%clk 00:34:59]} {[%emt 00:00:57]} 62. Rxc7 {[%clk 01:10:38]}
{[%emt 00:01:26]} hxg4 {[%clk 00:35:19]} {[%emt 00:00:11]} 63. hxg4 {[%clk
01:10:53]} {[%emt 00:00:15]} 1-0